000 01009cam a22002652 4500
001 32945
003 BD-RjUL
005 20211209051923.0
008 140429r19571944ii 001 0 eng d
035 _a(BD-RjUL)33035
040 _aOBE
_cOBE
_dEQO
_dBD-RjUL
_beng
041 1 _aenggertib
082 0 4 _a294.32
_bTAM 1957
090 _aBQ7370
_b.T3713
100 0 _aTāranātha,
_d1575-
_9100132
245 1 0 _aMystic tales of Lāmā Tārānātha :
_ba religio-sociological history of Mahāyāna Buddhism /
_cby Lāmā Tārānātha. Translated into English by Bhupendranath Datta.
260 _aCalcutta :
_bRamakrishna Vedanta Math,
_c1944 [Reprint 1957 ].
300 _axv, 128 p. :
_bill. ;
_c23cm.
500 _aTranslated from Albert Grünwedel's German translation (titled, Edelsteinmine) of the original Tibetan work.
504 _aIncludes index.
650 0 _aMahayana Buddhism.
_9100133
650 0 _aBuddhism.
_9100134
700 1 _aDatta, Bhupendranātha.
_970483
942 _2ddc
_cBK
999 _c32945
_d32945